|
|
|
|
| LEADER |
00000cam a22000004a 4500 |
| 001 |
musev2_78461 |
| 003 |
MdBmJHUP |
| 005 |
20230905052108.0 |
| 006 |
m o d |
| 007 |
cr||||||||nn|n |
| 008 |
190325s2019 xx o 00 0 eng d |
| 020 |
|
|
|a 9781526109316
|
| 020 |
|
|
|z 9781526109309
|
| 020 |
|
|
|z 9781526109293
|
| 020 |
|
|
|z 152610931X
|
| 035 |
|
|
|a (OCoLC)1240720788
|
| 040 |
|
|
|a MdBmJHUP
|c MdBmJHUP
|
| 245 |
0 |
0 |
|a Labour, British radicalism and the First World War
|
| 264 |
|
1 |
|a [S.l.] :
|b MANCHESTER UNIV PRESS,
|c 2019.
|
| 264 |
|
3 |
|a Baltimore, Md. :
|b Project MUSE,
|c 2021
|
| 264 |
|
4 |
|c ©2019.
|
| 300 |
|
|
|a 1 online resource (288 pages):
|b illustrations (black and white) ;
|
| 336 |
|
|
|a text
|b txt
|2 rdacontent
|
| 337 |
|
|
|a computer
|b c
|2 rdamedia
|
| 338 |
|
|
|a online resource
|b cr
|2 rdacarrier
|
| 588 |
|
|
|a Description based on print version record.
|
| 610 |
2 |
7 |
|a Labour Party (Great Britain)
|2 fast
|0 (OCoLC)fst00530175
|
| 610 |
2 |
0 |
|a Labour Party (Great Britain)
|x History
|y 20th century.
|
| 650 |
|
7 |
|a Radicalism.
|2 fast
|0 (OCoLC)fst01087015
|
| 650 |
|
7 |
|a Politics and government.
|2 fast
|0 (OCoLC)fst01919741
|
| 650 |
|
7 |
|a Influence (Literary, artistic, etc.)
|2 fast
|0 (OCoLC)fst00972484
|
| 650 |
|
0 |
|a Radicalism
|z Great Britain
|x History
|y 20th century.
|
| 650 |
|
0 |
|a World War, 1914-1918
|x Influence.
|
| 651 |
|
7 |
|a Great Britain.
|2 fast
|0 (OCoLC)fst01204623
|
| 651 |
|
0 |
|a Great Britain
|x Politics and government
|y 1910-1936.
|
| 655 |
|
7 |
|a History.
|2 fast
|0 (OCoLC)fst01411628
|
| 655 |
|
7 |
|a Electronic books.
|2 local
|
| 710 |
2 |
|
|a Project Muse.
|e distributor
|
| 830 |
|
0 |
|a Book collections on Project MUSE.
|
| 856 |
4 |
0 |
|z Texto completo
|u https://projectmuse.uam.elogim.com/book/78461/
|
| 945 |
|
|
|a Project MUSE - Custom Collection
|